1938 1749 1546 1868 1366 1575 1436 1138 1590 1107 1275 1439 1510 1118 1318 1483 1774 1885 1196 1145 1685 1795 1884 1233 1427 1224 1477 1270 1186 1201 1533 1761 1917 1627 1397 1675 1492 1202 1403 1848 1776 1533 1736 1241 1192 1427 1126 1032 1833 1155 1431 1312 1299 1297 1951 1532 1217 1980 1869 1875 1663 1787 1489 1832 1478 1552 1817 1831 1379 1819 1273 1055 1415 1442 1256 1344 1619 1708 1950 1430 1526 1335 1847 1459 1294 1555 1628 1057 1647 1326 1817 1823 1803 1543 1069 1179 1957 1938 1681 BCNSPRNW ULIB Ver.6.0+V

เปลี่ยนเป็นภาษาไทย

Change to English
 แสดงรายละเอียดบรรณานุกรม
  กลับหน้าหลัก

Brief Record : Get Marc (ISO 2709) : E-mail record : QR code < ปิดหน้าต่าง
LEADER : 00000nam 2200000uu 4500
001    13399115039
003     ULIB
008    120705s2009||||th 000 0 tha d
020    ^a9780132084567
060 04 ^aQS17^bM386m 2009
100 1  ^aMartini, Frederic
245 10 ^aMartini is atlas of the human body /^cby Frederic H.
246 30 ^aAtlas of the human body
260    ^aSan Franncisco :^bBenjamin Cummings,^c2009
300    ^aiv, 123 p. :^bcol. ill. ;^c28 cm. +^e1 computer optical
500    ^aTo accompany: Fundamentals of anatomy and physiology, 6th
500    ^aSend to Single Search
650  2 ^aAnatomy^vatlases
650  2 ^aPhysiology^vatlases
700 1  ^aOber, William C.
730 0  ^aFundamentals of anatomy and physiology
730 0  ^a3-D anatomy CD-ROM version 1.0
945    ^p0^l0^i17649
945    ^p0^l0^i17652
995    ^akanchaporn
999 ^a ใช้งานได้ทุกระบบ
รายการนี้ยังไม่มีแท็ก
คุณยังไม่ได้ล็อกอิน คุณสามารถมีกิจกรรมร่วมกับเว็บไซต์ได้ แต่ต้องล็อกอินก่อน ::
  ล็อกอิน

รายการสื่อสารสนเทศ

ลำดับที่ ประเภท เลขเรียก/บาร์โค้ด สถานที่ สถานะ
- ไม่พบข้อมูล -

รายการใกล้เคียง
    ผู้แต่ง [Martini, Frederic]

    หัวเรื่อง [Anatomy atlases]

BibComment


ยังไม่เคยถูกคอมเมนท์

คอมเมนท์ทรัพยากรรายการนี้
  คอมเมนท์: Martini is atlas..


 Copyright 2026. Bcnsprnw @Library